[Event "Central Serbia 2015 Cup"]
[Site "Vrnjacka Banja"]
[Date "2015.05.02"]
[Round "7.5"]
[White "Mladenovic, Stefan"]
[Black "Djokic, Nebojsa"]
[Result "1/2-1/2"]
[WhiteElo "2319"]
[BlackElo "2186"]
[PlyCount "38"]
[EventDate "2015.03.22"]

1. d4 Nf6 2. Nf3 g6 3. c4 Bg7 4. Nc3 O-O 5. e4 d6 6. Be2 e5 7. O-O exd4 8. Nxd4
Re8 9. f3 Nc6 10. Be3 Nh5 11. Qd2 Nf4 12. Nxc6 Nxe2+ 13. Nxe2 bxc6 14. Bd4 c5
15. Bxg7 Kxg7 16. Nc3 Bb7 17. Rae1 Qf6 18. Rd1 Bc6 19. Qd3 a5 1/2-1/2

[Event "Central Serbia 2015 Cup"]
[Site "Vrnjacka Banja"]
[Date "2015.05.02"]
[Round "7.5"]
[White "Djukic, Slobodan D"]
[Black "Todorovic, Nenad I"]
[Result "1/2-1/2"]
[WhiteElo "2130"]
[BlackElo "2216"]
[PlyCount "37"]
[EventDate "2015.03.22"]

1. e4 c5 2. Nf3 d6 3. d4 cxd4 4. Nxd4 Nf6 5. Nc3 a6 6. Be3 e5 7. Nb3 Be6 8. f3
Nbd7 9. Qd2 Be7 10. O-O-O O-O 11. g4 Nb6 12. g5 Nh5 13. Rg1 Rc8 14. Kb1 Qc7 15.
Qf2 Bd8 16. Qd2 Be7 17. Qf2 Bd8 18. Qd2 Be7 19. Qf2 1/2-1/2

[Event "Central Serbia 2015 Cup"]
[Site "Vrnjacka Banja"]
[Date "2015.05.02"]
[Round "7.5"]
[White "Livaja, Mario"]
[Black "Madjar, Stanislav"]
[Result "1-0"]
[WhiteElo "2193"]
[BlackElo "2181"]
[PlyCount "157"]
[EventDate "2015.03.22"]

1. d4 Nf6 2. Nf3 e6 3. c4 Bb4+ 4. Bd2 Qe7 5. g3 Nc6 6. Bg2 Bxd2+ 7. Nbxd2 O-O
8. O-O d6 9. Qc2 e5 10. d5 Nb8 11. e4 a5 12. Ne1 Na6 13. Nd3 Bd7 14. Qc3 b6 15.
Rae1 Ng4 16. h3 Nh6 17. f4 f6 18. Nf3 Nc5 19. Nf2 c6 20. Kh2 cxd5 21. cxd5 Rfc8
22. Qd2 Ra7 23. Rg1 Bb5 24. g4 Nf7 25. f5 Rac7 26. h4 Nd7 27. Rc1 Qd8 28. g5
Rxc1 29. Rxc1 Rxc1 30. Qxc1 Nc5 31. Qe3 Qe7 32. Bh3 h6 33. gxf6 gxf6 34. Bg4
Qf8 35. Bh5 Qg7 36. Ng4 Kf8 37. a3 a4 38. Kg3 Bd3 39. Nd2 b5 40. Kf3 Bc2 41.
Qe2 Bd3 42. Qe1 Nd8 43. Qc1 Ndb7 44. Nf2 Qd7 45. Ke3 Bc4 46. Nxc4 bxc4 47. Qxc4
Na5 48. Qb4 Qa7 49. Kf3 Nab3 50. Kg2 Nd4 51. Bd1 Kg7 52. Qc3 Kh7 53. Qg3 Qg7
54. Qxg7+ Kxg7 55. Kf1 Kf7 56. Ke1 Ncb3 57. h5 Kf8 58. Bxb3 Nxb3 59. Ke2 Nc5
60. Kd2 Ke7 61. Kc3 Kd7 62. Kb4 Kc7 63. Kb5 Kb7 64. Ng4 Nxe4 65. Nxh6 Ng3 66.
Nf7 Nxh5 67. Nxd6+ Kc7 68. Ne4 Ng7 69. Nxf6 Nxf5 70. Kxa4 Kd6 71. Kb4 Ne3 72.
Kc3 Nd1+ 73. Kc2 Nf2 74. Kd2 Ke7 75. Ke2 Nh3 76. Ng4 Kd6 77. Ne3 Nf4+ 78. Kd2
Kc5 79. Kc3 1-0

[Event "Central Serbia 2015 Cup"]
[Site "Vrnjacka Banja"]
[Date "2015.05.02"]
[Round "7.5"]
[White "Ilic, Aleksandar"]
[Black "Ostojic, Nikola M"]
[Result "1-0"]
[WhiteElo "2097"]
[BlackElo "2036"]
[PlyCount "137"]
[EventDate "2015.03.22"]

1. e4 c5 2. Nf3 d6 3. d4 cxd4 4. Nxd4 Nf6 5. Nc3 a6 6. Be3 Ng4 7. Bg5 h6 8. Bh4
g5 9. Bg3 Bg7 10. h3 Ne5 11. Qd2 Nbc6 12. O-O-O Nxd4 13. Qxd4 Be6 14. h4 g4 15.
f4 gxf3 16. gxf3 Rg8 17. f4 Nc6 18. Qe3 Qa5 19. Be1 Nb4 20. a3 Bxc3 21. Bxc3
Na2+ 22. Kd2 Nxc3 23. Qxc3 Qxc3+ 24. Kxc3 Rc8+ 25. Kd2 Rg3 26. Bd3 Rf3 27. Rdf1
Rxf1 28. Rxf1 Bc4 29. Rg1 Kf8 30. Bxc4 Rxc4 31. Kd3 Rc5 32. b4 Rh5 33. Rh1 Ke8
34. c4 b5 35. cxb5 axb5 36. Ke3 f5 37. exf5 Rxf5 38. Ke4 e6 39. Rc1 Kd7 40. Rg1
Rh5 41. Rg7+ Kc6 42. Rg6 Kd7 43. Rg7+ Kc6 44. Rg4 Kd7 45. Kf3 Rd5 46. Rg7+ Kc6
47. Rg6 Rd3+ 48. Kg4 Kd5 49. Rxh6 Rxa3 50. h5 Re3 51. Rf6 e5 52. h6 exf4 53.
Rf5+ Ke6 54. Rh5 Rg3+ 55. Kxf4 Rg8 56. h7 Rh8 57. Kg5 Kd5 58. Kg6+ Kc4 59. Rh4+
Kc3 60. Kg7 Rb8 61. h8=Q Rxh8 62. Kxh8 d5 63. Kg7 d4 64. Kf6 d3 65. Ke5 d2 66.
Rd4 d1=Q 67. Rxd1 Kxb4 68. Kd4 Ka3 69. Rb1 1-0

[Event "Central Serbia 2015 Cup"]
[Site "Vrnjacka Banja"]
[Date "2015.05.02"]
[Round "7.6"]
[White "Garic, Radomir"]
[Black "Al Atarji, Sami"]
[Result "1/2-1/2"]
[WhiteElo "2256"]
[BlackElo "2118"]
[PlyCount "72"]
[EventDate "2015.03.22"]

1. e4 g6 2. Nf3 Bg7 3. Bc4 c5 4. O-O d6 5. Re1 Nf6 6. h3 O-O 7. d3 Nc6 8. c3
Na5 9. Bb5 Bd7 10. Bxd7 Nxd7 11. Nbd2 Nc6 12. Nf1 b5 13. Be3 b4 14. Qd2 bxc3
15. bxc3 Qa5 16. Rec1 Rfb8 17. Bh6 Bh8 18. Ne3 Nb6 19. Ng5 Nd8 20. Rc2 f6 21.
Nf3 Na4 22. Bf4 Rb7 23. Nd5 Nf7 24. Rac1 Bg7 25. Qe2 Rab8 26. Nd2 Qd8 27. Nb3
Kf8 28. d4 e6 29. Ne3 e5 30. Bg3 Nxc3 31. Rxc3 cxd4 32. R3c2 dxe3 33. fxe3 Bh6
34. Bf2 Rb4 35. Qd3 Qb6 36. Rc7 Rb7 1/2-1/2

[Event "Central Serbia 2015 Cup"]
[Site "Vrnjacka Banja"]
[Date "2015.05.02"]
[Round "7.6"]
[White "Klcesko, Aleksandar"]
[Black "Kostic, Nebojsa G"]
[Result "0-1"]
[WhiteElo "1717"]
[BlackElo "2046"]
[PlyCount "62"]
[EventDate "2015.03.22"]

1. e4 e5 2. Nf3 Nc6 3. Bc4 Bc5 4. c3 Nf6 5. d4 exd4 6. cxd4 Bb4+ 7. Nc3 O-O 8.
d5 Ne7 9. e5 Ne8 10. O-O Bxc3 11. bxc3 d6 12. Ba3 dxe5 13. Nxe5 Nd6 14. Bb3 Bf5
15. c4 b6 16. Rc1 Ng6 17. Nc6 Qg5 18. g3 Rfe8 19. Bxd6 cxd6 20. Bc2 Bd7 21. Ba4
Rec8 22. Re1 Bxc6 23. Bxc6 Rab8 24. f4 Nxf4 25. Kh1 Ng6 26. Qe2 Ne5 27. Ba4 Kf8
28. Kg2 Qg4 29. Qc2 g6 30. Re4 Qf3+ 31. Kg1 Nd3 0-1

[Event "Central Serbia 2015 Cup"]
[Site "Vrnjacka Banja"]
[Date "2015.05.02"]
[Round "7.6"]
[White "Tomovic, Miroslav"]
[Black "Brankovan, Mario"]
[Result "1-0"]
[WhiteElo "1910"]
[BlackElo "1881"]
[PlyCount "151"]
[EventDate "2015.03.22"]

1. e4 c5 2. Nf3 d6 3. Bc4 Nf6 4. Nc3 Nc6 5. a3 Bg4 6. O-O e6 7. Be2 Be7 8. h3
Bxf3 9. Bxf3 O-O 10. g3 d5 11. exd5 exd5 12. d3 Qd7 13. Bg2 Rad8 14. Bg5 d4 15.
Ne2 h6 16. Bf4 Nd5 17. Bd2 Nf6 18. Kh2 Bd6 19. Nf4 Rfe8 20. Nh5 Nxh5 21. Qxh5
Re5 22. Qg4 f5 23. Qd1 Rde8 24. Bf4 R5e7 25. Bxd6 Qxd6 26. Qh5 Qf6 27. Rac1 Ne5
28. Bxb7 Kh7 29. Bg2 g6 30. Qd1 f4 31. Be4 Rf8 32. c3 Ref7 33. Kg2 f3+ 34. Kh2
Qg5 35. cxd4 cxd4 36. Bc6 Qh5 37. Rh1 Rf5 38. Kg1 Qg5 39. Be4 R5f7 40. Rc5 Qe7
41. b4 h5 42. Qa1 Rd8 43. Qa2 Rd7 44. h4 Kg7 45. a4 Rc7 46. Qd5 Rxc5 47. bxc5
Qc7 48. Qxd4 Kh7 49. Qc3 Qb8 50. d4 Ng4 51. Bxf3 Nh6 52. Kg2 Qf8 53. Rf1 Nf5
54. Be4 Nh6 55. d5 Ng4 56. Qc2 Ne3+ 57. fxe3 Rxf1 58. Bxg6+ Kh6 59. Bxh5 Rf6
60. Bg4 a5 61. c6 Rg6 62. Qxg6+ Kxg6 63. c7 Qd6 64. Bf5+ Kg7 65. c8=Q Qxd5+ 66.
e4 Qd2+ 67. Kh3 Qe1 68. Qd7+ Kg8 69. Qd8+ Kg7 70. Qd4+ Kf8 71. Qf6+ Kg8 72.
Be6+ Kh7 73. Qf7+ Kh6 74. Qf8+ Kg6 75. Qf7+ Kh6 76. Qf8+ 1-0

[Event "Central Serbia 2015 Cup"]
[Site "Vrnjacka Banja"]
[Date "2015.05.02"]
[Round "7.7"]
[White "Urosevic, Goran"]
[Black "Milosevic, Zoran"]
[Result "1/2-1/2"]
[WhiteElo "2249"]
[BlackElo "2225"]
[PlyCount "24"]
[EventDate "2015.03.22"]

1. e4 c5 2. Nf3 e6 3. d4 cxd4 4. Nxd4 Nf6 5. Nc3 d6 6. f4 a6 7. Qf3 Qc7 8. Bd3
b5 9. a3 Bb7 10. O-O h5 11. h3 Nbd7 12. Re1 Nc5 1/2-1/2

[Event "Central Serbia 2015 Cup"]
[Site "Vrnjacka Banja"]
[Date "2015.05.02"]
[Round "7.7"]
[White "Vasic, Vladimir"]
[Black "Gajovic, Dragan"]
[Result "1/2-1/2"]
[WhiteElo "2178"]
[BlackElo "2181"]
[PlyCount "149"]
[EventDate "2015.03.22"]

1. e4 Nf6 2. e5 Nd5 3. d4 d6 4. Nf3 Bg4 5. Be2 e6 6. h3 Bh5 7. O-O Be7 8. Re1
O-O 9. Nbd2 Nc6 10. c4 Nb6 11. exd6 cxd6 12. Qb3 Rc8 13. d5 exd5 14. cxd5 Nb8
15. Ne4 N8d7 16. Bf4 Bg6 17. Nc3 Nc5 18. Qa3 Bf6 19. Rad1 Re8 20. Nb5 Ne4 21.
Qxa7 Bxb2 22. Qa5 Nc3 23. Rd2 Nxe2+ 24. Rdxe2 Rxe2 25. Rxe2 Be5 26. Bxe5 dxe5
27. Nxe5 Rc5 28. Nxg6 hxg6 29. d6 Qxd6 30. Nxd6 Rxa5 31. Re8+ Kh7 32. Nxf7 g5
33. Re7 Na4 34. Nd6 Nc3 35. Rc7 Nxa2 36. Nxb7 Rb5 37. Nd6 Rd5 38. Ne4 Nb4 39.
Rc5 Rxc5 40. Nxc5 Nd5 41. g3 Kg6 42. Kg2 Kf5 43. Kf3 Nf6 44. Nb3 Ke5 45. Nc1
Kf5 46. Ne2 Ke5 47. Nc3 Kd4 48. Nd1 Ke5 49. Ne3 Ke6 50. Ng4 Nd7 51. Ke4 Nc5+
52. Kd4 Nb3+ 53. Kc3 Nc5 54. Kc4 Ne4 55. Kd4 Nd2 56. Nh2 Kf5 57. Kd5 Ne4 58.
Ng4 Nc3+ 59. Kd6 Ne2 60. Ke7 Ng1 61. Kf7 Nxh3 62. Ne3+ Ke4 63. Kg6 Kf3 64. g4
Kxf2 65. Nf5 Kf3 66. Kh5 g6+ 67. Kxg6 Kxg4 68. Nh6+ Kf4 69. Kh5 Nf2 70. Kg6 Ne4
71. Kg7 Nf2 72. Kg6 Ng4 73. Nf7 Ne5+ 74. Nxe5 Kxe5 75. Kxg5 1/2-1/2

[Event "Central Serbia 2015 Cup"]
[Site "Vrnjacka Banja"]
[Date "2015.05.02"]
[Round "7.7"]
[White "Drljevic, Ljilja"]
[Black "Mijanovic, Dragan"]
[Result "1-0"]
[WhiteElo "2189"]
[BlackElo "2062"]
[PlyCount "101"]
[EventDate "2015.03.22"]

1. e4 c6 2. d3 d5 3. Nd2 g6 4. g3 Bg7 5. Bg2 dxe4 6. dxe4 Nf6 7. Ngf3 O-O 8.
O-O Qc7 9. Re1 e5 10. b4 c5 11. Bb2 Bg4 12. Qb1 Nfd7 13. b5 c4 14. Bc3 h6 15.
a4 a5 16. Qb2 Re8 17. Nf1 Nb6 18. Ne3 Bxf3 19. Bxf3 N8d7 20. Nd5 Nxd5 21. exd5
Qd6 22. Bg2 b6 23. Re2 f6 24. Rae1 Re7 25. Qa2 Nc5 26. Qxc4 Rc7 27. Bb2 Rac8
28. Qa2 Kh7 29. h4 Re7 30. h5 f5 31. hxg6+ Kxg6 32. Qc4 Rce8 33. g4 e4 34.
gxf5+ Kxf5 35. Ba3 Qg6 36. Bxc5 bxc5 37. Qxc5 Be5 38. Kf1 Bd6 39. Qd4 Qg4 40.
Re3 Kg5 41. Rxe4 Rxe4 42. Bxe4 Be5 43. Qb6 Kh5 44. Qe3 Rf8 45. Bf3 Rxf3 46.
Qxe5+ Rf5 47. Qe8+ Kh4 48. Re4 Rf4 49. Qe7+ Kh3 50. Rxf4 Qxf4 51. Qe3+ 1-0

[Event "Central Serbia 2015 Cup"]
[Site "Vrnjacka Banja"]
[Date "2015.05.02"]
[Round "7.7"]
[White "Jelisavcic, Srdjan"]
[Black "Mijajlovic, Jovan"]
[Result "1-0"]
[WhiteElo "2076"]
[BlackElo "1775"]
[PlyCount "97"]
[EventDate "2015.03.22"]

1. e4 c5 2. Nc3 e6 3. g3 Nc6 4. Bg2 a6 5. d3 b5 6. f4 d6 7. Nf3 Bb7 8. O-O Be7
9. h3 Qc7 10. Be3 Nf6 11. Ne2 O-O 12. Qd2 Rac8 13. g4 d5 14. e5 Nd7 15. c3 f6
16. d4 Nb6 17. b3 c4 18. b4 Kh8 19. Ng3 Nxb4 20. cxb4 c3 21. Qd3 Bxb4 22. Ne2
Nc4 23. Bc1 Na3 24. Ne1 a5 25. Nc2 Nxc2 26. Qxc2 Be7 27. Be3 b4 28. Nc1 Ba6 29.
Re1 fxe5 30. fxe5 Bh4 31. Rd1 a4 32. Nd3 Qc4 33. Rab1 Be7 34. Nc5 Bxc5 35. dxc5
Rcd8 36. Rd4 Qxc5 37. Rbxb4 Qc7 38. Rxa4 Qxe5 39. Qxc3 Rc8 40. Qd2 Bc4 41. Bf4
Qf6 42. Qe3 Rce8 43. Be5 Qg6 44. Ra7 Qb1+ 45. Kh2 Ra8 46. Rf4 Qg6 47. Rff7 h5
48. Rxg7 Qxg7 49. Rxg7 1-0

[Event "Central Serbia 2015 Cup"]
[Site "Vrnjacka Banja"]
[Date "2015.05.02"]
[Round "7.8"]
[White "Gajic, Sladjan"]
[Black "Cabarkapa, Mijomir"]
[Result "0-1"]
[WhiteElo "2082"]
[BlackElo "2187"]
[PlyCount "70"]
[EventDate "2015.03.22"]

1. c4 Nf6 2. d4 g6 3. Nc3 d5 4. cxd5 Nxd5 5. e4 Nxc3 6. bxc3 Bg7 7. Nf3 O-O 8.
Be2 c5 9. Be3 Qa5 10. Qd2 Nc6 11. e5 Rd8 12. Rb1 cxd4 13. cxd4 Qxd2+ 14. Kxd2
Nxe5 15. Rhc1 Nxf3+ 16. Bxf3 Bxd4 17. Bxd4 Rxd4+ 18. Ke3 Rd7 19. a4 Rb8 20. Rc3
b6 21. Rbc1 Ba6 22. Bc6 Rc7 23. Bb5 Rxc3+ 24. Rxc3 Rc8 25. Kd4 Rxc3 26. Kxc3
Bxb5 27. axb5 e6 28. g4 g5 29. Kd4 Kf8 30. Ke4 Ke7 31. h4 gxh4 32. g5 f6 33. f4
fxg5 34. fxg5 Kf7 35. Kf4 Kg6 0-1

[Event "Central Serbia 2015 Cup"]
[Site "Vrnjacka Banja"]
[Date "2015.05.02"]
[Round "7.8"]
[White "Dragasevic, Dragan"]
[Black "Predolac, Nikola"]
[Result "1-0"]
[WhiteElo "2156"]
[BlackElo "2050"]
[PlyCount "53"]
[EventDate "2015.03.22"]

1. d4 f5 2. c4 Nf6 3. Nc3 e6 4. Nf3 d5 5. Bg5 c6 6. e3 Bd6 7. Ne5 O-O 8. Be2
Qc7 9. Bxf6 Rxf6 10. f4 Nd7 11. Rc1 Bb4 12. O-O Bxc3 13. Rxc3 Qd8 14. Qb3 Nxe5
15. fxe5 Rh6 16. cxd5 exd5 17. Rf2 Qe7 18. Bd3 Qg5 19. e4 fxe4 20. Bxe4 Qh4 21.
Re3 Qxh2+ 22. Kf1 Bg4 23. Bf3 Qh1+ 24. Ke2 Be6 25. Qxb7 Rc8 26. Rc3 Qb1 27.
Bxd5 1-0

[Event "Central Serbia 2015 Cup"]
[Site "Vrnjacka Banja"]
[Date "2015.05.02"]
[Round "7.8"]
[White "Cukanovic, Petar"]
[Black "Jocovic, Slobodan"]
[Result "1-0"]
[WhiteElo "2061"]
[BlackElo "2078"]
[PlyCount "117"]
[EventDate "2015.03.22"]

1. e4 e6 2. d4 d5 3. Nc3 Nf6 4. Bg5 Bb4 5. e5 h6 6. Bd2 Bxc3 7. bxc3 Ne4 8. Qg4
g6 9. h4 c5 10. Rh3 Nc6 11. Bd3 Nxd2 12. Kxd2 c4 13. Be2 Qe7 14. Qf4 Bd7 15.
Rf3 Rh7 16. h5 g5 17. Qe3 O-O-O 18. Rf6 Qa3 19. f4 Rg8 20. fxg5 hxg5 21. g4 b5
22. Nf3 b4 23. cxb4 Qxe3+ 24. Kxe3 Nxb4 25. Kd2 Na6 26. Kc3 Nc7 27. Nd2 Nb5+
28. Kb4 Nxd4 29. Bd1 Nc6+ 30. Kc5 Nxe5 31. Kd6 Nc6 32. c3 Nd8 33. Bc2 Nb7+ 34.
Ke5 Rhh8 35. Rxf7 Nd8 36. Rf2 Kc7 37. Kd4 Nc6+ 38. Kc5 Ne5 39. Rg2 Bc6 40. Kd4
Kd6 41. Rf1 Nd7 42. Nf3 Rf8 43. Rgf2 Rf4+ 44. Ke3 Rxg4 45. Bg6 Rg3 46. Kd2 e5
47. Kc2 Ba4+ 48. Kb2 Rb8+ 49. Kc1 Rh8 50. Kb2 Nc5 51. Ne1 Rb8+ 52. Ka1 Rxc3 53.
Rf6+ Ne6 54. Nf3 Ke7 55. Rf7+ Kd6 56. Rf6 g4 57. Ng5 Bd7 58. Nxe6 Bxe6 59. Bf7
1-0

[Event "Central Serbia 2015 Cup"]
[Site "Vrnjacka Banja"]
[Date "2015.05.02"]
[Round "7.8"]
[White "Jovcic, Zoran"]
[Black "Stevcic, Slobodan"]
[Result "1/2-1/2"]
[WhiteElo "2129"]
[BlackElo "2153"]
[PlyCount "145"]
[EventDate "2015.03.22"]

1. e4 e6 2. d4 d5 3. Nc3 Bb4 4. exd5 exd5 5. Bd3 Nf6 6. Nge2 h6 7. O-O O-O 8.
a3 Bd6 9. Bf4 Bg4 10. f3 Be6 11. Qd2 Re8 12. Bxd6 Qxd6 13. Nb5 Qd8 14. Qf4 c6
15. Nc7 Nh5 16. Qe5 Nd7 17. Qd6 Qh4 18. Nxa8 Rxa8 19. g3 Qf6 20. f4 g6 21. f5
gxf5 22. Bxf5 Bxf5 23. Qxf6 Nhxf6 24. Rxf5 Re8 25. Nc3 Re7 26. h3 Kg7 27. Kg2
Ne4 28. Nxe4 Rxe4 29. Raf1 f6 30. R5f4 Re2+ 31. R1f2 Re6 32. Kf1 Nf8 33. c3 Ng6
34. R4f3 Kf7 35. Re2 Rd6 36. Rfe3 Rd8 37. h4 h5 38. Rf2 Ne7 39. Ref3 Rd6 40.
Ke2 Kg6 41. Kf1 Kf7 42. Kg2 Re6 43. Kh3 Nc8 44. g4 hxg4+ 45. Kxg4 Nd6 46. Rh2
Re4+ 47. Rf4 Re3 48. h5 Ne4 49. Rf3 Re1 50. h6 Rg1+ 51. Kf4 Rg8 52. Re3 Ng5 53.
Rhe2 Ne4 54. h7 Rh8 55. Rxe4 dxe4 56. Rh2 f5 57. Kxf5 e3 58. Kf4 e2 59. Rxe2
Rxh7 60. c4 Rh4+ 61. Ke3 Ke7 62. Kd3+ Kd7 63. Re3 a5 64. b4 axb4 65. axb4 Rh1
66. c5 Rd1+ 67. Kc4 Rc1+ 68. Rc3 Rb1 69. Rb3 Rd1 70. Kc3 Rc1+ 71. Kd3 Rd1+ 72.
Kc4 Rc1+ 73. Kd3 1/2-1/2

[Event "Central Serbia 2015 Cup"]
[Site "Vrnjacka Banja"]
[Date "2015.05.03"]
[Round "8.1"]
[White "Vujic, Mihailo"]
[Black "Zajic, Milan"]
[Result "0-1"]
[WhiteElo "2332"]
[BlackElo "2475"]
[PlyCount "86"]
[EventDate "2015.03.22"]

1. e4 g6 2. d4 Bg7 3. Nf3 d6 4. c3 Nf6 5. Bd3 O-O 6. O-O Nbd7 7. Nbd2 e5 8.
dxe5 dxe5 9. Nc4 Qe7 10. b3 Rd8 11. Ba3 Qe8 12. Qc2 b6 13. Rad1 Bb7 14. Bd6
Rac8 15. Bxe5 Nxe5 16. Ncxe5 Nh5 17. Nxf7 Kxf7 18. Bc4+ Ke7 19. Ng5 Rxd1 20.
Rxd1 Rd8 21. Bd5 c6 22. Bf7 Rxd1+ 23. Qxd1 Qd7 24. Qxd7+ Kxd7 25. Nxh7 Nf4 26.
g3 Ne2+ 27. Kf1 Nxc3 28. Bxg6 Nxa2 29. h4 Nc1 30. g4 Nxb3 31. g5 a5 32. h5 Ke7
33. h6 Bh8 34. Bf5 a4 35. g6 a3 36. g7 Bxg7 37. hxg7 Ba6+ 38. Kg2 Bc4 39. Ng5
Bg8 40. Bh7 a2 41. Bxg8 a1=Q 42. Ne6 Nd2 43. Bh7 Qf1+ 0-1

[Event "Central Serbia 2015 Cup"]
[Site "Vrnjacka Banja"]
[Date "2015.05.03"]
[Round "8.1"]
[White "Radovanovic, Nikola"]
[Black "Tojagic, Dane"]
[Result "1/2-1/2"]
[WhiteElo "2399"]
[BlackElo "2257"]
[PlyCount "73"]
[EventDate "2015.03.22"]

1. d4 d5 2. c4 c6 3. Nf3 Nf6 4. e3 Bf5 5. Nc3 e6 6. Be2 h6 7. Bd3 Bxd3 8. Qxd3
Nbd7 9. O-O Bd6 10. e4 dxe4 11. Nxe4 Nxe4 12. Qxe4 O-O 13. b3 Qc7 14. Bb2 Rae8
15. Rfe1 b6 16. Rad1 Nf6 17. Qh4 Be7 18. Qh3 Rd8 19. Ne5 Bd6 20. Qf3 Bxe5 21.
dxe5 Nh7 22. Qg3 Rxd1 23. Rxd1 Rd8 24. Rd6 Nf8 25. h4 Ng6 26. h5 Nf8 27. Qc3 c5
28. f4 Qe7 29. g3 Rd7 30. Kf2 Qd8 31. Qd3 Rxd6 32. exd6 Qa8 33. Qd1 Qe4 34. Bc3
Qf5 35. Be1 Qh3 36. Kg1 Qf5 37. Kf2 1/2-1/2

[Event "Central Serbia 2015 Cup"]
[Site "Vrnjacka Banja"]
[Date "2015.05.03"]
[Round "8.1"]
[White "Markovic, Dragan P"]
[Black "Cvetanovic, Uros"]
[Result "1/2-1/2"]
[WhiteElo "2211"]
[BlackElo "2286"]
[PlyCount "112"]
[EventDate "2015.03.22"]

1. e4 c5 2. c3 g6 3. d4 cxd4 4. cxd4 d5 5. e5 Bg7 6. Be3 Nh6 7. Bd3 Nf5 8. Bxf5
Bxf5 9. Nc3 Qd7 10. Nge2 h5 11. Nf4 e6 12. h3 Nc6 13. Nd3 f6 14. f4 Bxd3 15.
Qxd3 f5 16. O-O Bf8 17. Rac1 Be7 18. Bd2 Rc8 19. Ne2 Kf7 20. Kh1 Rc7 21. Rc2
Rhc8 22. Rfc1 Nd8 23. Rxc7 Rxc7 24. Rxc7 Qxc7 25. b3 Nc6 26. Kh2 a6 27. Qc2 Qb6
28. Qd3 Qd8 29. Qe3 b5 30. Ng1 a5 31. Qd3 Qb6 32. Ne2 b4 33. Be3 Na7 34. Nc1
Qc6 35. Ne2 Nb5 36. Bd2 Na3 37. Kg3 a4 38. Kf2 Nc2 39. Be3 Bd8 40. Bd2 axb3 41.
axb3 Be7 42. Be3 Na3 43. Bd2 Nb5 44. Kf3 Ke8 45. Kf2 Qa6 46. Ke1 Kf7 47. Kf2
Qa2 48. Bxb4 Bxb4 49. Qxb5 Qxb3 50. Qb7+ Kg8 51. Qd7 Bd2 52. Qxe6+ Kh7 53. Qe7+
Kh6 54. Qf8+ Kh7 55. Qe7+ Kh6 56. Qg5+ Kg7 1/2-1/2

[Event "Central Serbia 2015 Cup"]
[Site "Vrnjacka Banja"]
[Date "2015.05.03"]
[Round "8.1"]
[White "Djordjevic, Vuk"]
[Black "Milovanovic, Nenad"]
[Result "1-0"]
[WhiteElo "2177"]
[BlackElo "2164"]
[PlyCount "88"]
[EventDate "2015.03.22"]

1. d4 Nf6 2. Bg5 d5 3. Bxf6 exf6 4. e3 Bf5 5. Nd2 c6 6. Ngf3 Bd6 7. Nh4 Bg6 8.
Nxg6 hxg6 9. g3 f5 10. Bg2 Nd7 11. Qe2 Nf6 12. f3 Qe7 13. O-O-O O-O-O 14. Qd3
Rh5 15. Kb1 Rdh8 16. Nf1 Kb8 17. a3 Re8 18. Re1 Ka8 19. Nd2 Reh8 20. Nf1 Re8
21. Re2 Qe6 22. Nd2 Reh8 23. e4 fxe4 24. fxe4 Nxe4 25. Bxe4 dxe4 26. Nxe4 Qd7
27. h4 g5 28. Rhe1 Be7 29. hxg5 a6 30. Qb3 Qxd4 31. Rd2 Qe5 32. Rd7 Rb8 33.
Qxf7 Rh1 34. Rxh1 Qxe4 35. Rhd1 Bxg5 36. Qxg7 Qf5 37. Rf7 Qb5 38. Rf8 Rxf8 39.
Qxf8+ Ka7 40. Qf2+ c5 41. a4 Qb6 42. Rd5 Be7 43. Qe3 Bf8 44. Rf5 Bg7 1-0

[Event "Central Serbia 2015 Cup"]
[Site "Vrnjacka Banja"]
[Date "2015.05.03"]
[Round "8.2"]
[White "Delchev, Aleksander"]
[Black "Radosavljevic, Slobodan D"]
[Result "1-0"]
[WhiteElo "2607"]
[BlackElo "2156"]
[PlyCount "71"]
[EventDate "2015.03.22"]

1. d4 c5 2. d5 Nf6 3. Nc3 g6 4. e4 d6 5. Nf3 Bg7 6. Be2 O-O 7. O-O e6 8. h3
exd5 9. exd5 Na6 10. Bf4 Nc7 11. Qd2 b6 12. Ng5 Bb7 13. Bf3 b5 14. Rad1 b4 15.
Nce4 Nb5 16. c4 bxc3 17. bxc3 Ne8 18. Be2 Ba6 19. a4 Nbc7 20. Bxa6 Nxa6 21. Nf3
Qa5 22. Qe2 h6 23. Qb5 Qxb5 24. axb5 Nac7 25. Nxd6 Nxd6 26. Bxd6 Nxb5 27. Bxf8
Kxf8 28. d6 Nxc3 29. Rd2 a5 30. Re1 a4 31. Ne5 a3 32. Nd7+ Kg8 33. Nxc5 a2 34.
d7 Kh7 35. d8=Q a1=Q 36. Rxa1 1-0

[Event "Central Serbia 2015 Cup"]
[Site "Vrnjacka Banja"]
[Date "2015.05.03"]
[Round "8.2"]
[White "Milosevic, Aleksandar"]
[Black "Trickovic, Borivoje"]
[Result "1/2-1/2"]
[WhiteElo "2289"]
[BlackElo "2190"]
[PlyCount "72"]
[EventDate "2015.03.22"]

1. Nf3 d6 2. d4 Bg4 3. c4 c6 4. Nc3 g6 5. e3 Bg7 6. Be2 Nd7 7. h3 Bxf3 8. Bxf3
Ngf6 9. O-O O-O 10. Be2 Qc7 11. f4 e6 12. e4 Nb6 13. f5 exf5 14. exf5 Rae8 15.
Qd3 d5 16. c5 Nc8 17. Bf3 Qd7 18. fxg6 fxg6 19. Be3 Ne7 20. Rae1 Nf5 21. Bf2
Rxe1 22. Rxe1 Re8 23. Rxe8+ Qxe8 24. g4 Ne7 25. Qe3 Qf7 26. Kg2 Nd7 27. Bh4 Bf6
28. Bg3 Nf8 29. Ne2 g5 30. b4 Qe6 31. Qd2 Nfg6 32. a4 a6 33. Qd3 Kg7 34. Qd2 h6
35. Qd3 Kf7 36. Qd2 Kg7 1/2-1/2

[Event "Central Serbia 2015 Cup"]
[Site "Vrnjacka Banja"]
[Date "2015.05.03"]
[Round "8.2"]
[White "Petrov, Georgi"]
[Black "Popovic, Djordje D"]
[Result "1-0"]
[WhiteElo "2174"]
[BlackElo "2216"]
[PlyCount "98"]
[EventDate "2015.03.22"]

1. Nf3 c5 2. c4 Nf6 3. g3 b6 4. Bg2 Bb7 5. O-O e6 6. Nc3 a6 7. d4 cxd4 8. Qxd4
d6 9. Rd1 Be7 10. Bg5 Nbd7 11. Qd2 Qc7 12. Bf4 e5 13. Bg5 O-O 14. Rac1 Rae8 15.
b3 Qb8 16. Nh4 Bxg2 17. Nxg2 h6 18. Bxf6 Nxf6 19. Ne3 g6 20. Ned5 Nxd5 21. Nxd5
Bg5 22. e3 Bd8 23. Nb4 a5 24. Nc6 Qa8 25. Qxd6 Re6 26. Qxf8+ Kxf8 27. Rxd8+
Qxd8 28. Nxd8 Rd6 29. c5 Rxd8 30. cxb6 Rb8 31. Rc5 a4 32. Rb5 axb3 33. Rxb3 Ke7
34. a4 Kd6 35. a5 Kc6 36. g4 Kb7 37. Kg2 Ka6 38. Ra3 Rc8 39. Kf3 f5 40. gxf5
gxf5 41. e4 Rf8 42. exf5 Rxf5+ 43. Ke3 h5 44. Rb3 Rf8 45. b7 Rb8 46. Ke4 Kxa5
47. Kxe5 Ka6 48. f4 Ka7 49. Ke6 Re8+ 1-0

[Event "Central Serbia 2015 Cup"]
[Site "Vrnjacka Banja"]
[Date "2015.05.03"]
[Round "8.2"]
[White "Stefanovic, Vladimir"]
[Black "Tonic, Milos"]
[Result "1-0"]
[WhiteElo "2217"]
[BlackElo "2064"]
[PlyCount "103"]
[EventDate "2015.03.22"]

1. c4 e5 2. g3 Nf6 3. Bg2 d5 4. cxd5 Nxd5 5. Nc3 Nb6 6. Nf3 Nc6 7. O-O Be7 8.
d3 O-O 9. a3 Be6 10. b4 Nd4 11. Nd2 c6 12. Rb1 Qd7 13. Nde4 Nd5 14. Bb2 f5 15.
Nd2 Nxc3 16. Bxc3 Bd5 17. Bxd5+ Qxd5 18. Bxd4 exd4 19. Qb3 Rad8 20. Nc4 Bf6 21.
Na5 Rf7 22. Rfc1 Rdd7 23. Rc2 Kf8 24. Qxd5 Rxd5 25. Kf1 f4 26. Rc5 fxg3 27.
hxg3 b6 28. Rxd5 cxd5 29. Nc6 Rc7 30. b5 Be7 31. Nxd4 Rc3 32. a4 Ra3 33. Rc1
Rxa4 34. Rc8+ Kf7 35. Nc6 Bf6 36. Rc7+ Ke6 37. Nxa7 Ra1+ 38. Kg2 Ra2 39. Kf3 h5
40. Rc6+ Kf5 41. Nc8 g5 42. Nd6+ Ke5 43. Nf7+ Kf5 44. e4+ dxe4+ 45. dxe4+ Kg6
46. e5 g4+ 47. Ke3 Ra3+ 48. Ke4 Kxf7 49. Rxf6+ Ke7 50. Rxb6 Rf3 51. Rf6 Rb3 52.
b6 1-0

[Event "Central Serbia 2015 Cup"]
[Site "Vrnjacka Banja"]
[Date "2015.05.03"]
[Round "8.3"]
[White "Al Atarji, Sami"]
[Black "Todorovic, Bojan"]
[Result "1/2-1/2"]
[WhiteElo "2118"]
[BlackElo "2363"]
[PlyCount "22"]
[EventDate "2015.03.22"]

1. b3 d5 2. Bb2 Bg4 3. g3 c6 4. Bg2 Nd7 5. Nf3 Ngf6 6. O-O e6 7. d3 Be7 8. Nbd2
O-O 9. e4 a5 10. a4 Qb6 11. Qe1 Bb4 1/2-1/2